| 000 | 00557nam a22002052 4500 | ||
|---|---|---|---|
| 001 | 0000013525 | ||
| 005 | 20151217145901.0 | ||
| 008 | 090909s xx 000 0 eng d | ||
| 020 | _a3540670889 : | ||
| 040 |
_aKABU _cKABU |
||
| 100 | 1 |
_aGlaser, Roland. _@0000170953 |
|
| 245 | 1 | 0 |
_aBiophysics / _cRoland Glaser. |
| 250 | _a4th ed. | ||
| 260 |
_aBerlin : _bSpringe-Verlag, _c2005. |
||
| 300 | _axvi, 361 p. | ||
| 650 | 0 |
_aBiophysics. _@0000130368 |
|
| 852 | 1 | _9p5400 KES | |
| 908 | _a090909 | ||
| 950 | _@1 | ||
| 999 |
_c3704 _d3704 |
||